Heartstopper. Volume 1 /

Uloženo v:
Podrobná bibliografie
Médium: Kniha
Jazyk:angličtina
Vydáno: London : Hodder Children's Books, 2019
Tagy: Přidat tag
Žádné tagy, Buďte první, kdo vytvoří štítek k tomuto záznamu!

MARC

LEADER 00000nam a22000007ib4500
001 IT\ICCU\TO1\0041327
003 ItRI
005 20250328155940.0
008 230202s2019 it |||||| ||||| |||||c
020 |a 9781444951387 
040 |b ita  |c Arcigay Comunitas Ancona 
041 7 |a eng  |2 ISO-639-2 
245 0 0 |a Heartstopper. Volume 1 /  |c Alice Oseman. 
260 |a London :  |b Hodder Children's Books,  |c 2019 
300 |a 263 p. :  |b fumetti ;  |c 24 cm. 
773 0 |w IT\ICCU\TO1\0041326  |t Heartstopper  |g 1  |a Oseman, Alice  |0 IT\ICCU\LO1V\427807 
942 |2 ddc  |c BK 
952 |0 0  |1 0  |2 ddc  |4 0  |6 741_500000000000000_OSE_HEA  |7 0  |9 3706  |a AN  |b AN  |d 2025-03-28  |l 0  |o 741.5 OSE HEA  |p 10965  |r 2025-03-28 16:03:19  |w 2025-03-28  |y BK 
981 1 |6 z01  |a i   |b xxxe  
982 1 |6 z01  |a n 
999 |c 2894  |d 2894